000 00743namaa2200193 i 4500
001 173893
003 ES-MaACL
005 20250920063112.0
008 100128s1847 sp |||| | spa d
040 _aSpMaBN
_bspa
_cPAB
100 1 _aAzcona, Agustín,
_dm.1855
_9142051
245 1 3 _aEl sacristán de San Lorenzo
_b: zarzuela en tres cuadros /
_cpor Agustín Azcona.
250 _a2ª ed.
260 _aMadrid :
_b[s.n.],
_c1847 (
_fImp. Nacional)
300 _a41 p. ;
_c18 cm.
500 _aSolo la letra.
852 _aES-MaACL
_jF-8627(2)
_z.- Enc. pasta española
_q.- Falto de la cub. original
_z.- Enc. en un vol. facticio formando parte de la col. facticia "Teatro español moderno", vol. 82
999 _c173893
_d173893